| Tag |
First Indicator |
Second Indicator |
Subfields |
| LEADER |
00000cam a2200000 a 4500 |
| 001 |
in00002837366 |
| 005 |
20211120170527.0 |
| 006 |
m o d f |
| 007 |
cr mn||||||||| |
| 008 |
120921s2012 pau ob f000 0 eng c |
| 035 |
|
|
|a (OCoLC)ocn810443930
|
| 040 |
|
|
|a AWC
|c AWC
|d AWC
|d GPO
|d MvI
|d UtOrBLW
|
| 042 |
|
|
|a pcc
|
| 043 |
|
|
|a e-ru---
|a n-us---
|
| 049 |
|
|
|a WWW
|
| 074 |
|
|
|a 0307-A-31 (online)
|
| 086 |
0 |
|
|a D 101.146:R 92/18
|
| 245 |
0 |
0 |
|a Russia and the current state of arms control /
|c Stephen J. Blank, editor.
|
| 264 |
|
1 |
|a Carlisle Barracks, PA :
|b Strategic Studies Institute, U.S. Army War College,
|c [2012]
|
| 300 |
|
|
|a 1 online resource (vi, 102 pages).
|
| 336 |
|
|
|a text
|b txt
|2 rdacontent
|
| 337 |
|
|
|a computer
|b c
|2 rdamedia
|
| 338 |
|
|
|a online resource
|b cr
|2 rdacarrier
|
| 490 |
1 |
|
|a Strategic Studies Institute monograph
|
| 500 |
|
|
|a Title from title screen (viewed on Sept. 21, 2012).
|
| 500 |
|
|
|a "September 2012."
|
| 504 |
|
|
|a Includes bibliographical references.
|
| 500 |
|
|
|a Electronic resource.
|
| 630 |
1 |
0 |
|a Treaty between the United States of America and the Russian Federation on Measures for the Further Reduction and Limitation of Strategic Offensive Arms
|d (2010 April 8)
|
| 650 |
|
0 |
|a Arms control
|z Russia (Federation)
|
| 650 |
|
0 |
|a Nuclear arms control
|z Russia (Federation)
|
| 650 |
|
0 |
|a Nuclear weapons
|x Government policy
|z Russia (Federation)
|
| 650 |
|
0 |
|a Nuclear nonproliferation
|x Government policy
|z Russia (Federation)
|
| 651 |
|
0 |
|a United States
|x Foreign relations
|z Russia (Federation)
|
| 651 |
|
0 |
|a Russia (Federation)
|x Foreign relations
|z United States.
|
| 700 |
1 |
|
|a Blank, Stephen,
|d 1950-
|
| 710 |
2 |
|
|a Army War College (U.S.).
|b Strategic Studies Institute.
|
| 776 |
0 |
8 |
|i Print version:
|t Russia and the current state of arms control
|z 1584875402
|w (OCoLC)812463203
|
| 830 |
|
0 |
|a SSI monograph.
|
| 856 |
4 |
0 |
|u https://purl.fdlp.gov/GPO/gpo31727
|t 0
|
| 999 |
|
|
|a MARS
|
| 999 |
f |
f |
|s 797a2cbf-166a-3100-a1cb-0873e353d0f0
|i aba21ab2-65c1-374a-aa93-48e477a32358
|t 0
|
| 952 |
f |
f |
|a Texas A&M University
|b College Station
|c Electronic Resources
|d Available Online
|t 0
|e D 101.146:R 92/18
|h Superintendent of Documents classification
|
| 998 |
f |
f |
|a D 101.146:R 92/18
|t 0
|l Available Online
|